Central Library OPAC University of Rajshahi

Group treatment in psychotherapy : (Record no. 33206)

MARC details
000 -LEADER
fixed length control field 00814nam a22002652 4500
001 - CONTROL NUMBER
control field 33206
003 - CONTROL NUMBER IDENTIFIER
rucl marc code BD-RjUL
005 - DATE AND TIME OF LATEST TRANSACTION
control field 20211209051951.0
008 - FIXED-LENGTH DATA ELEMENTS--GENERAL INFORMATION
fixed length control field 140430s1951 xx 001 0 eng d
035 ## - SYSTEM CONTROL NUMBER
System control number (BD-RjUL)33297
040 ## - CATALOGING SOURCE
Original cataloging agency NLM
Transcribing agency NLM
Modifying agency BD-RjUL
Language of cataloging eng
041 ## - LANGUAGE CODE
Language code of text/sound track or separate title eng
060 0# - NATIONAL LIBRARY OF MEDICINE CALL NUMBER
Classification number WM 430
Item number H659g 1951
082 00 - DEWEY DECIMAL CLASSIFICATION NUMBER
Classification number 616.8
Author mark and year HIG 1951
100 1# - MAIN ENTRY--PERSONAL NAME
Personal name Hinckley, Robert George,
Dates associated with a name 1904-
9 (RLIN) 100851
245 10 - TITLE STATEMENT
Title Group treatment in psychotherapy :
Remainder of title a report of experience /
Statement of responsibility, etc. by Robert G. Hinckley [and] Lydia Hermann.
260 ## - PUBLICATION, DISTRIBUTION, ETC. (IMPRINT)
Place of publication, distribution, etc. Minneapolis :
Name of publisher, distributor, etc. Univ. of Minnesota Press,
Date of publication, distribution, etc. c1951.
300 ## - PHYSICAL DESCRIPTION
Pagination x, 136 p. ;
Size 23 cm.
504 ## - BIBLIOGRAPHY, ETC. NOTE
Bibliography, etc Includes index.
650 #0 - SUBJECT ADDED ENTRY--TOPICAL TERM
Topical term or geographic name as entry element Group psychotherapy.
9 (RLIN) 3640
700 1# - ADDED ENTRY--PERSONAL NAME
Personal name Hermann, Lydia Marie,
Dates associated with a name 1900-
942 ## - ADDED ENTRY ELEMENTS (KOHA)
Source of classification or shelving scheme Dewey Decimal Classification
Koha item type Books
Holdings
Lost status Source of classification or shelving scheme Damaged status Not for loan Collection code Permanent Location Current Location Shelving location Date acquired Total Checkouts Full call number Date last seen Copy number Koha item type Source of acquisition
  Dewey Decimal Classification   Not For Loan Non-fiction Central Library, University of Rajshahi Central Library, University of Rajshahi Reading Room 30/04/2014   616.8 HIG 1951 30/04/2014 C-1 Books  
  Dewey Decimal Classification     Non-fiction Central Library, University of Rajshahi Central Library, University of Rajshahi   13/06/1955   616.8 HIG 1951 30/07/2016 C-2 Books British council